000 00367nam a2200145Ia 4500
008 230917s9999||||xx |||||||||||||| ||und||
040 _e198870
_aMAIN
041 _aEnglish
082 _a590.3 C361D
100 _aChandola, R P
245 0 _aDictionary of animal science
260 _aNew Delhi
_bDaya Publishing House
_c2010
300 _avi, 243 p.
942 _cBK
999 _c162581
_d162581